000 00401nam a2200169Ia 4500
008 230524s9999 xx 000 0 und d
020 _a9780333935361
082 _a620.112
_bRYD
100 _aG H Ryder
245 0 _aStrength of Materials
250 _a3
260 _aNew Delhi
_bMacmillan
_c2011
300 _a"xi,338p;"
500 _aQuantity Number: 30
650 _aMechanics
942 _cBK
999 _c52129
_d52129